[Event "FIDE World Bl Team Final"]
[Site "Almaty KAZ"]
[Date "2024.08.05"]
[Round "2.2"]
[White "Svidler, Peter"]
[Black "Sarana, Alexey"]
[Result "0-1"]
[WhiteTitle "GM"]
[BlackTitle "GM"]
[WhiteElo "2698"]
[BlackElo "2717"]
[WhiteTeam "Kazchess"]
[BlackTeam "Chessy"]
[WhiteFideId "4102142"]
[BlackFideId "24133795"]
[EventDate "2024.08.05"]

1. c4 e6 2. g3 Nf6 3. Bg2 d5 4. Nf3 Be7 5. O-O O-O 6. d3 c5 7. cxd5 exd5 8. d4
Nc6 9. Nc3 Bg4 10. dxc5 Bxc5 11. h3 Bh5 12. Bg5 d4 13. Bxf6 Qxf6 14. Nd5 Qd8 15.
Nf4 Bg6 16. Rc1 Bb6 17. Nh4 Rc8 18. Nhxg6 hxg6 19. Qb3 Qd6 20. h4 Rfe8 21. Bf3
Rc7 22. Kg2 Ne5 23. Be4 Rce7 24. Qd5 Qf6 25. Qb5 Qd6 26. Rc2 Ng4 27. Bf3 Ne5 28.
Rfc1 Nxf3 29. exf3 Re5 30. Rc8 Rxb5 31. Rxe8+ Qf8 32. Rcc8 Qxe8 33. Rxe8+ Kh7
34. Nd3 Ra5 35. a3 Rb5 36. b4 a5 37. a4 Rd5 38. b5 Rd7 39. f4 Rc7 40. Kf3 Rc4
41. Re7 Rxa4 42. Rxb7 Bd8 43. Rxf7 Ra3 44. Ke4 Rb3 45. Rb7 a4 46. Nc5 Rb4 47.
Ne6 Bf6 48. Ra7 Kh6 49. g4 Bxh4 50. g5+ Kh5 51. f3 Bf2 52. Rxg7 Kh4 53. f5 a3
54. fxg6 a2 55. Ra7 d3+ 56. Kxd3 Bxa7 57. g7 a1=Q 58. g8=Q Qa3+ 0-1

[Event "FIDE World Bl Team Final"]
[Site "Almaty KAZ"]
[Date "2024.08.05"]
[Round "2.2"]
[White "Martirosyan, Haik M."]
[Black "Mamedyarov, Shakhriyar"]
[Result "1-0"]
[WhiteTitle "GM"]
[BlackTitle "GM"]
[WhiteElo "2667"]
[BlackElo "2733"]
[WhiteTeam "Chessy"]
[BlackTeam "Kazchess"]
[WhiteFideId "13306553"]
[BlackFideId "13401319"]
[EventDate "2024.08.05"]

1. d4 Nf6 2. c4 g6 3. Nc3 d5 4. cxd5 Nxd5 5. e3 Bg7 6. Bc4 Nxc3 7. bxc3 c5 8.
Nf3 O-O 9. O-O Qc7 10. Qe2 b6 11. Bb2 Bb7 12. Rad1 Nc6 13. e4 Rac8 14. d5 Na5
15. Bd3 c4 16. Bc2 Rfd8 17. Nd4 a6 18. f4 b5 19. Ba3 Ba8 20. Kh1 Rd7 21. Qg4 Re8
22. Bb4 Nb7 23. Nc6 a5 24. Nxa5 f5 25. exf5 Nxa5 26. fxg6 Nb7 27. Bf5 Rdd8 28.
Be6+ Kh8 29. Rf3 Rf8 30. Rh3 h6 31. Rxh6+ Bxh6 32. g7+ Kh7 33. f5 1-0

[Event "FIDE World Bl Team Final"]
[Site "Almaty KAZ"]
[Date "2024.08.05"]
[Round "2.2"]
[White "Suleymenov, Alisher"]
[Black "Vidit, Santosh Gujrathi"]
[Result "1/2-1/2"]
[WhiteTitle "GM"]
[BlackTitle "GM"]
[WhiteElo "2461"]
[BlackElo "2720"]
[WhiteTeam "Kazchess"]
[BlackTeam "Chessy"]
[WhiteFideId "13707833"]
[BlackFideId "5029465"]
[EventDate "2024.08.05"]

1. d4 d5 2. c4 c6 3. Nf3 Nf6 4. Nc3 e6 5. e3 Nbd7 6. Be2 Bd6 7. O-O O-O 8. b3 e5
9. dxe5 Nxe5 10. cxd5 Nxf3+ 11. Bxf3 Be5 12. Bb2 Nxd5 13. Bxd5 cxd5 14. Na4 Bxb2
15. Nxb2 Qg5 16. Nd3 Bg4 17. Qd2 d4 18. Nf4 dxe3 19. Qxe3 Bd7 20. Rfd1 Bc6 21.
Nd5 Qxe3 22. Nxe3 Rfd8 23. f3 f6 24. Kf2 Kf7 25. h4 h5 26. Nc4 Ke6 27. Na5 Rxd1
28. Rxd1 Bd5 29. Nc4 Bxc4 30. bxc4 Rc8 31. Rd4 Rc5 32. Ke3 Ra5 33. Rd2 Ke5 34.
Rd7 Ra3+ 35. Kf2 Rxa2+ 36. Kg3 g6 37. Rxb7 Rc2 38. Rxa7 Rxc4 1/2-1/2

[Event "FIDE World Bl Team Final"]
[Site "Almaty KAZ"]
[Date "2024.08.05"]
[Round "2.2"]
[White "Muzychuk, Anna"]
[Black "Assaubayeva, Bibisara"]
[Result "1-0"]
[WhiteTitle "GM"]
[BlackTitle "IM"]
[WhiteElo "2525"]
[BlackElo "2470"]
[WhiteTeam "Chessy"]
[BlackTeam "Kazchess"]
[WhiteFideId "14111330"]
[BlackFideId "13708694"]
[EventDate "2024.08.05"]

1. e4 e5 2. Nf3 Nc6 3. Bc4 Nf6 4. Ng5 d5 5. exd5 Na5 6. Bb5+ Bd7 7. Qe2 Bd6 8.
Bxd7+ Qxd7 9. Nc3 O-O 10. O-O c6 11. dxc6 Nxc6 12. d3 Nd4 13. Qd1 Bc7 14. Be3 h6
15. Nge4 Ng4 16. h3 Nxe3 17. fxe3 f5 18. Nc5 Qd6 19. Nxb7 Qc6 20. exd4 Qxb7 21.
dxe5 Bxe5 22. Rb1 Rac8 23. Ne2 Bb8 24. Nf4 Rfe8 25. c3 Qb6+ 26. Kh1 Rcd8 27.
Qb3+ Qxb3 28. axb3 Bxf4 29. Rxf4 Rxd3 30. Rxf5 Rd2 31. Rf3 Ree2 32. Rg3 a5 33.
Ra1 Rxb2 34. Rxa5 Re1+ 35. Kh2 Rbb1 36. Rg4 Rh1+ 37. Kg3 Rxb3 38. Rc5 Rc1 39.
Rgc4 Rc2 40. Kh2 Kh7 41. Rc7 h5 42. R4c5 Kh6 43. h4 g6 44. R7c6 Rbb2 45. Rg5 Kg7
46. Rgxg6+ Kf7 47. Rg5 Ra2 48. Rh6 Rxc3 49. Rhxh5 Rcc2 50. Rh7+ Kf6 51. Rh6+ Kf7
52. Kh3 Rcb2 53. Rc6 Rd2 54. h5 Ra1 55. Rf5+ Ke7 56. g4 Rh1+ 57. Kg3 Rg1+ 58.
Kh4 Rh2+ 59. Kg5 Rhg2 60. Rf4 Re1 61. Rcf6 Re5+ 62. R6f5 Re6 63. Rf7+ Ke8 64.
R7f6 Re5+ 65. R6f5 Re6 66. h6 Rh2 67. Rf6 Re5+ 68. Kg6 1-0

[Event "FIDE World Bl Team Final"]
[Site "Almaty KAZ"]
[Date "2024.08.05"]
[Round "2.2"]
[White "Kabinazar, Nurmukhammed"]
[Black "Ainakul, Mukhtar"]
[Result "0-1"]
[WhiteElo "2002"]
[BlackElo "1935"]
[WhiteTeam "Kazchess"]
[BlackTeam "Chessy"]
[WhiteFideId "13750186"]
[BlackFideId "13727354"]
[EventDate "2024.08.05"]

1. e4 g6 2. d4 Bg7 3. c3 d6 4. Nf3 Nf6 5. Bd3 O-O 6. O-O Nbd7 7. Re1 e5 8. h3 c6
9. a4 Qe7 10. Na3 Rd8 11. Qc2 a6 12. a5 Nf8 13. Nc4 Nh5 14. Bd2 h6 15. Rad1 Ne6
16. dxe5 dxe5 17. g3 Ng5 18. Nxg5 hxg5 19. Bf1 Be6 20. Nb6 Rab8 21. Bg2 g4 22.
h4 Qc5 23. b4 Qe7 24. Be3 Qc7 25. Bc5 Bf8 26. Bxf8 Rxf8 27. c4 Rbd8 28. Qc3 Nf6
29. Kh2 Nd7 30. c5 Nxb6 31. axb6 Qb8 32. Bf1 f6 33. Be2 Kg7 34. Rd2 Rh8 35. Rxd8
Qxd8 36. Kg2 Qe7 37. Rd1 Rd8 38. Rxd8 Qxd8 39. Qd3 Qxd3 40. Bxd3 Bc8 41. Kf1 Kf7
42. Bc4+ Ke7 43. Ke2 Kf8 44. Ke3 Ke7 45. Be2 Kf8 46. Kd2 Ke7 47. Bc4 Kf8 48. Kc3
Ke7 49. Kd3 Kf8 50. Ke3 Ke7 51. f3 gxf3 52. Kxf3 Kf8 53. g4 Kg7 54. Kg3 Kh6 55.
Be2 Kg7 56. g5 fxg5 57. hxg5 Kf8 58. Bc4 Kg7 59. Kf3 Kf8 60. Ke3 Kg7 61. Bb3 Kf8
62. Bc4 Kg7 63. Bf1 Kf8 64. Kd3 Ke7 65. Kc3 Kf8 66. Bc4 Kg7 67. Kd2 Kf8 68. Ke3
Ke7 69. Kf3 Kf8 70. Kg3 Kg7 71. Kh4 Kf8 72. Be2 Kg7 73. Kg3 Kf8 74. Kf2 Ke7 75.
Ke3 Kf8 76. Kd3 Ke7 77. Kc3 Kf8 78. Bd1 Ke7 79. Bb3 Bg4 80. Bc4 Bc8 81. Bg8 Kf8
82. Bc4 Ke7 83. Kd3 Kf8 84. Ke2 Ke7 85. Kf2 Kf8 86. Ke3 Ke7 87. Kd3 Kf8 88. Kc3
Ke7 89. Kb3 Kf8 90. Ka4 Ke7 91. Ka5 Kf8 92. Bxa6 bxa6 93. b7 Bxb7 94. Kb6 Bc8
95. Kxc6 Ke7 96. Kc7 Bh3 97. c6 Bg2 98. Kb8 Bxe4 99. c7 Bf5 100. c8=Q Bxc8 101.
Kxc8 e4 102. Kb7 e3 0-1

[Event "FIDE World Bl Team Final"]
[Site "Almaty KAZ"]
[Date "2024.08.05"]
[Round "2.3"]
[White "Yu, Yangyi"]
[Black "Andreikin, Dmitry"]
[Result "1/2-1/2"]
[WhiteTitle "GM"]
[BlackTitle "GM"]
[WhiteElo "2703"]
[BlackElo "2729"]
[WhiteTeam "Decade China Team"]
[BlackTeam "Al-Ain ACMG UAE"]
[WhiteFideId "8603820"]
[BlackFideId "4158814"]
[EventDate "2024.08.05"]

1. e4 c5 2. Nf3 Nc6 3. Bc4 e6 4. O-O Nf6 5. Re1 Nxe4 6. Rxe4 d5 7. Bxd5 Qxd5 8.
Nc3 Qd7 9. d4 cxd4 10. Nxd4 Bc5 11. Be3 Bxd4 12. Bxd4 O-O 13. Be3 1/2-1/2

[Event "FIDE World Bl Team Final"]
[Site "Almaty KAZ"]
[Date "2024.08.05"]
[Round "2.3"]
[White "Maghsoodloo, Parham"]
[Black "Ju, Wenjun"]
[Result "1/2-1/2"]
[WhiteTitle "GM"]
[BlackTitle "GM"]
[WhiteElo "2723"]
[BlackElo "2563"]
[WhiteTeam "Al-Ain ACMG UAE"]
[BlackTeam "Decade China Team"]
[WhiteFideId "12539929"]
[BlackFideId "8603006"]
[EventDate "2024.08.05"]

1. d4 Nf6 2. c4 e6 3. Nc3 d5 4. cxd5 exd5 5. Bg5 c6 6. e3 Bf5 7. Qf3 Bg6 8. Bxf6
Qxf6 9. Qxf6 gxf6 10. h4 h5 11. Nh3 Bd6 12. g3 Nd7 13. Nf4 Kf8 14. f3 Kg7 15.
Kf2 a5 16. Be2 Rae8 17. a3 Nb6 18. Rac1 Re7 19. Rhe1 Rhe8 20. Bf1 Kh6 21. Ng2
Rg8 22. Nd1 Nc8 23. Nf4 Rge8 24. Be2 Bxf4 25. gxf4 Nd6 26. Rc3 Nf5 27. b4 axb4
28. axb4 Nxh4 29. b5 cxb5 30. Bxb5 Rd8 31. Rh1 Nf5 32. Bd3 Nd6 33. Be2 Nf5 34.
Bd3 Nd6 35. Be2 Nf5 36. Bd3 Nd6 37. Be2 Nf5 38. Bd3 Nd6 39. Be2 1/2-1/2

[Event "FIDE World Bl Team Final"]
[Site "Almaty KAZ"]
[Date "2024.08.05"]
[Round "2.3"]
[White "Xu, Xiangyu"]
[Black "Zhu, Jiner"]
[Result "1-0"]
[WhiteTitle "GM"]
[BlackTitle "GM"]
[WhiteElo "2628"]
[BlackElo "2479"]
[WhiteTeam "Decade China Team"]
[BlackTeam "Al-Ain ACMG UAE"]
[WhiteFideId "8608288"]
[BlackFideId "8608059"]
[EventDate "2024.08.05"]

1. d4 Nf6 2. Bg5 c5 3. Bxf6 gxf6 4. d5 Qb6 5. Qc1 f5 6. e3 Bg7 7. c3 d6 8. Nd2
Nd7 9. g3 h5 10. Ngf3 Nf6 11. Bc4 Bd7 12. Qc2 Qc7 13. a4 O-O-O 14. Qb3 Rde8 15.
Bb5 e6 16. dxe6 fxe6 17. a5 a6 18. Bxd7+ Qxd7 19. Nc4 Qc6 20. Ke2 Nd7 21. Qa4
Qxa4 22. Nxd6+ Kb8 23. Rxa4 Re7 24. Rd1 Ne5 25. Nc4 Nxf3 26. Kxf3 h4 27. Nb6
hxg3 28. hxg3 Kc7 29. Rc4 e5 30. Rxc5+ Kb8 31. Rd7 Rhe8 32. Rxe7 1-0

[Event "FIDE World Bl Team Final"]
[Site "Almaty KAZ"]
[Date "2024.08.05"]
[Round "3.1"]
[White "Carlsen, Magnus"]
[Black "Rapport, Richard"]
[Result "1-0"]
[WhiteTitle "GM"]
[BlackTitle "GM"]
[WhiteElo "2832"]
[BlackElo "2715"]
[WhiteTeam "WR Chess Team"]
[BlackTeam "Chessy"]
[WhiteFideId "1503014"]
[BlackFideId "738590"]
[EventDate "2024.08.05"]

1. d4 d5 2. c4 c6 3. Nf3 Nf6 4. g3 Bg4 5. Bg2 e6 6. Qb3 Qb6 7. Nc3 Be7 8. c5
Qxb3 9. axb3 O-O 10. b4 Nfd7 11. Bf4 Bxf3 12. Bxf3 g5 13. Bd2 Bf6 14. e3 e5 15.
Ne2 Na6 16. Bg4 Rfd8 17. b5 Naxc5 18. dxc5 Nxc5 19. bxc6 Nd3+ 20. Kf1 bxc6 21.
b4 Rab8 22. Bf5 e4 23. Nd4 Nxb4 24. Bxb4 Bxd4 25. Ra4 Bf6 26. Kg2 Rb5 27. Rc1 d4
28. Bxe4 dxe3 29. fxe3 Re5 30. Bc3 Rc5 31. Ra3 Re8 32. Bd3 a5 33. Rc2 Rxe3 34.
Bxf6 Rxc2+ 35. Bxc2 Re2+ 36. Kh3 Rxc2 37. Bxg5 Rc5 38. Bd2 1-0

[Event "FIDE World Bl Team Final"]
[Site "Almaty KAZ"]
[Date "2024.08.05"]
[Round "3.1"]
[White "Martirosyan, Haik M."]
[Black "Nepomniachtchi, Ian"]
[Result "0-1"]
[WhiteTitle "GM"]
[BlackTitle "GM"]
[WhiteElo "2667"]
[BlackElo "2767"]
[WhiteTeam "Chessy"]
[BlackTeam "WR Chess Team"]
[WhiteFideId "13306553"]
[BlackFideId "4168119"]
[EventDate "2024.08.05"]

1. d4 Nf6 2. c4 g6 3. Nc3 d5 4. cxd5 Nxd5 5. e3 Bg7 6. Bc4 Nb6 7. Bb3 O-O 8. Nf3
c5 9. O-O cxd4 10. exd4 Nc6 11. d5 Na5 12. h3 Nxb3 13. axb3 Qd6 14. Re1 Bd7 15.
Bg5 Rfe8 16. Qd2 Qb4 17. Re4 Bxc3 18. Qe2 Qxb3 19. bxc3 Nxd5 20. Rd4 Bc6 21. c4
Nc7 22. Ne5 Ne6 23. Rd3 Qb6 24. Be3 Qc7 25. Ng4 Rad8 26. Rxd8 Rxd8 27. Qb2 f6
28. Bxa7 Qf4 29. Re1 Qxc4 30. Qa3 Rd7 31. Bb8 h5 32. Ne3 Qa4 33. Qc1 Nd4 34. Qc5
Qb5 35. Qa7 Kf7 36. Bg3 Ne2+ 37. Kh2 Nxg3 38. fxg3 Qe5 39. Qa2+ Kg7 40. Qf2 h4
41. Nf1 hxg3+ 42. Nxg3 Qd6 43. Kh1 b5 44. Re3 b4 45. Qe2 Qd1+ 0-1

[Event "FIDE World Bl Team Final"]
[Site "Almaty KAZ"]
[Date "2024.08.05"]
[Round "3.1"]
[White "Duda, Jan-Krzysztof"]
[Black "Vidit, Santosh Gujrathi"]
[Result "1/2-1/2"]
[WhiteTitle "GM"]
[BlackTitle "GM"]
[WhiteElo "2733"]
[BlackElo "2720"]
[WhiteTeam "WR Chess Team"]
[BlackTeam "Chessy"]
[WhiteFideId "1170546"]
[BlackFideId "5029465"]
[EventDate "2024.08.05"]

1. Nf3 d5 2. g3 c5 3. Bg2 Nf6 4. O-O g6 5. c3 Bg7 6. d4 cxd4 7. cxd4 O-O 8. Nc3
Nc6 9. Ne5 Bf5 10. Nxc6 bxc6 11. b3 Ne4 12. Nxe4 Bxe4 13. Bxe4 dxe4 14. Be3 Qd5
15. Rc1 Rfd8 16. Rc5 Qe6 17. Qc2 Bxd4 18. Rxc6 Qf5 19. Bxd4 Rxd4 20. Rc1 Rad8
21. Rc8 Kg7 22. Rxd8 Rxd8 23. Qc3+ e5 24. Qe3 Rd4 25. Kg2 Qe6 26. h4 h5 27. Rc7
a5 28. Rc5 a4 29. bxa4 Rxa4 30. a3 Qd6 31. Rc3 Qd4 32. Rb3 Qxe3 33. Rxe3 f5 34.
Rb3 f4 35. gxf4 exf4 36. e3 fxe3 37. fxe3 Kf6 38. Kg3 Kf5 39. Rb5+ Kf6 40. Rb6+
Kf5 41. Rb3 Ra5 42. Rc3 Ra4 43. Rc5+ Kf6 44. Kf4 Rxa3 45. Rc6+ Kf7 46. Rc4 Kf6
47. Kxe4 1/2-1/2

[Event "FIDE World Bl Team Final"]
[Site "Almaty KAZ"]
[Date "2024.08.05"]
[Round "3.1"]
[White "Erdogmus, Yagiz Kaan"]
[Black "Praggnanandhaa, R"]
[Result "0-1"]
[WhiteTitle "IM"]
[BlackTitle "GM"]
[WhiteElo "2599"]
[BlackElo "2749"]
[WhiteTeam "Chessy"]
[BlackTeam "WR Chess Team"]
[WhiteFideId "44599790"]
[BlackFideId "25059530"]
[EventDate "2024.08.05"]

1. d4 Nf6 2. Bg5 d5 3. Nd2 Nbd7 4. Ngf3 c5 5. e3 e6 6. c3 Bd6 7. Bd3 b6 8. O-O
Bb7 9. e4 dxe4 10. Nxe4 Be7 11. Nxf6+ Bxf6 12. Bxf6 Qxf6 13. Bb5 Bxf3 14. gxf3
Rd8 15. Qa4 a6 16. Bc6 O-O 17. Rad1 cxd4 18. cxd4 Qg5+ 19. Kh1 Nf6 20. Qxa6 Nd5
21. Rg1 Qf5 22. Rg3 Qc2 23. Rdg1 Qxc6 24. Rxg7+ Kh8 25. Rxh7+ Kxh7 26. Qd3+ f5
27. f4 Nxf4+ 0-1

[Event "FIDE World Bl Team Final"]
[Site "Almaty KAZ"]
[Date "2024.08.05"]
[Round "3.1"]
[White "Kosteniuk, Alexandra"]
[Black "Koneru, Humpy"]
[Result "1/2-1/2"]
[WhiteTitle "GM"]
[BlackTitle "GM"]
[WhiteElo "2488"]
[BlackElo "2530"]
[WhiteTeam "WR Chess Team"]
[BlackTeam "Chessy"]
[WhiteFideId "4128125"]
[BlackFideId "5008123"]
[EventDate "2024.08.05"]

1. e4 e5 2. Nf3 Nc6 3. Bc4 Nf6 4. d3 Be7 5. Nc3 O-O 6. h3 d6 7. a3 Be6 8. Nd5
Nb8 9. Nxf6+ Bxf6 10. Bxe6 fxe6 11. h4 d5 12. Ng5 Qe8 13. Qg4 Bxg5 14. hxg5 Nc6
15. Be3 dxe4 16. Qxe4 Qg6 17. Qxg6 hxg6 18. Rh4 Ne7 19. Re4 Nc6 20. Ke2 Kf7 21.
b4 a6 22. a4 b5 23. c4 bxa4 24. Rxa4 Rfb8 25. Bc5 Rh8 26. g3 Rhd8 27. Ke3 Ke8
28. b5 axb5 29. Rxa8 Rxa8 30. cxb5 Ra5 31. bxc6 Rxc5 32. Rc4 Ra5 33. d4 Ke7 34.
Rc5 Ra3+ 35. Ke4 exd4 36. Kxd4 Rf3 37. Rc2 Kd6 38. Ke4 Rf5 39. f4 Ra5 40. Rh2
Ra4+ 41. Kf3 Ra8 42. Rc2 Ra6 43. Rh2 Ra8 44. Rc2 Ra6 45. Rh2 Ra8 1/2-1/2

[Event "FIDE World Bl Team Final"]
[Site "Almaty KAZ"]
[Date "2024.08.05"]
[Round "3.1"]
[White "Artemiev, Vladislav"]
[Black "Sadhwani, Raunak"]
[Result "0-1"]
[WhiteTitle "GM"]
[BlackTitle "GM"]
[WhiteElo "2699"]
[BlackElo "2653"]
[WhiteTeam "Al-Ain ACMG UAE"]
[BlackTeam "Team MGD1"]
[WhiteFideId "24101605"]
[BlackFideId "35093487"]
[EventDate "2024.08.05"]

1. c4 e5 2. d3 Nf6 3. Nf3 Nc6 4. Nc3 d5 5. cxd5 Nxd5 6. g3 Bc5 7. Bg2 O-O 8. O-O
Nxc3 9. bxc3 Bb6 10. Nd2 Be6 11. Ba3 Re8 12. Qa4 Qd7 13. Rfe1 Bh3 14. Nf3 Bxg2
15. Kxg2 Rad8 16. Rad1 Qe6 17. c4 h6 18. Qc2 f5 19. e3 e4 20. dxe4 fxe4 21. Ng1
Ba5 22. Rf1 Qf5 23. Rxd8 Rxd8 24. Rd1 Rd3 25. Bb2 Kh7 26. Rf1 Rd2 27. Qb1 Bb6
28. Bc1 Rd3 29. Qb5 Qf7 30. Qb1 0-1

[Event "FIDE World Bl Team Final"]
[Site "Almaty KAZ"]
[Date "2024.08.05"]
[Round "3.1"]
[White "Narayanan, S.L."]
[Black "Andreikin, Dmitry"]
[Result "1-0"]
[WhiteTitle "GM"]
[BlackTitle "GM"]
[WhiteElo "2649"]
[BlackElo "2729"]
[WhiteTeam "Team MGD1"]
[BlackTeam "Al-Ain ACMG UAE"]
[WhiteFideId "5058422"]
[BlackFideId "4158814"]
[EventDate "2024.08.05"]

1. d4 Nf6 2. Nf3 d5 3. Bg5 g6 4. Nbd2 Bg7 5. e3 O-O 6. Bd3 c5 7. c3 Nc6 8. O-O
Nd7 9. Re1 Qb6 10. c4 e6 11. Nb3 dxc4 12. Bxc4 Na5 13. Nxa5 Qxa5 14. Qb3 cxd4
15. exd4 Nb6 16. Bb5 a6 17. Bd3 Nd5 18. Be4 Nf6 19. Bxf6 Bxf6 20. d5 Rd8 21.
Rad1 Kg7 22. h4 Qb5 23. Qe3 exd5 24. Bd3 Qxb2 25. h5 Bg4 26. Rb1 Qc3 27. Rec1
Re8 28. h6+ Kf8 29. Qf4 Be5 30. Nxe5 Qxe5 31. Qxg4 Re7 32. Re1 Qxe1+ 33. Rxe1
Rxe1+ 34. Kh2 Rae8 35. Qb4+ R8e7 36. f4 Re3 37. Qd4 Ke8 38. Bc2 Re2 39. Bb3 R2e4
40. Qc5 Rd7 41. Bxd5 Ree7 42. Bxb7 Rc7 43. Bc6+ Kf8 44. Qd4 f6 45. Qxf6+ 1-0

[Event "FIDE World Bl Team Final"]
[Site "Almaty KAZ"]
[Date "2024.08.05"]
[Round "3.1"]
[White "Maghsoodloo, Parham"]
[Black "Pranav, V"]
[Result "1-0"]
[WhiteTitle "GM"]
[BlackTitle "GM"]
[WhiteElo "2723"]
[BlackElo "2598"]
[WhiteTeam "Al-Ain ACMG UAE"]
[BlackTeam "Team MGD1"]
[WhiteFideId "12539929"]
[BlackFideId "25060783"]
[EventDate "2024.08.05"]

1. d4 Nf6 2. c4 e6 3. Nf3 Bb4+ 4. Bd2 Qe7 5. g3 Nc6 6. Bg2 Bxd2+ 7. Nbxd2 d6 8.
O-O O-O 9. Qc2 e5 10. d5 Nb4 11. Qc3 c5 12. dxc6 Nxc6 13. b4 Qc7 14. a3 h6 15.
Rac1 Be6 16. Rfd1 Rac8 17. Qb2 Rfd8 18. e3 Qb8 19. h3 a6 20. b5 axb5 21. cxb5
Na5 22. Rxc8 Rxc8 23. Rc1 b6 24. Ne1 Rxc1 25. Qxc1 Qc8 26. Qxc8+ Bxc8 27. f4 Be6
28. Nd3 Nd7 29. Nb4 Kf8 30. g4 f6 31. Bd5 Nc5 32. Bxe6 Nxe6 33. Nd5 exf4 34.
exf4 Nd4 35. a4 Ke8 36. Kf2 Kd8 37. Nxb6 Ne6 38. Nd5 Nc5 39. Nc3 Kd7 40. f5 d5
41. Ke3 Kd6 42. Kd4 Nab3+ 43. Nxb3 Nxb3+ 44. Kd3 d4 45. Kc4 Nd2+ 46. Kxd4 Nf3+
47. Kc4 Ng1 48. Ne4+ Kc7 49. Nf2 Ne2 50. a5 h5 51. Kc5 h4 52. Nd3 Ng1 53. Nf4 1-0

[Event "FIDE World Bl Team Final"]
[Site "Almaty KAZ"]
[Date "2024.08.05"]
[Round "3.1"]
[White "Dronavalli, Harika"]
[Black "Lagno, Kateryna"]
[Result "1/2-1/2"]
[WhiteTitle "GM"]
[BlackTitle "GM"]
[WhiteElo "2502"]
[BlackElo "2532"]
[WhiteTeam "Team MGD1"]
[BlackTeam "Al-Ain ACMG UAE"]
[WhiteFideId "5015197"]
[BlackFideId "14109336"]
[EventDate "2024.08.05"]

1. Nf3 Nf6 2. g3 d5 3. Bg2 e6 4. O-O Be7 5. d3 O-O 6. Bf4 a5 7. c4 c6 8. Qc2 Na6
9. a3 Nc5 10. Be3 b6 11. d4 Nce4 12. Ne5 Bb7 13. Nd2 Nxd2 14. Bxd2 Nd7 15. Nxd7
Qxd7 16. Qb3 b5 17. cxb5 cxb5 18. Rfc1 a4 19. Qd1 Rfc8 20. e3 Rxc1 21. Rxc1 Rc8
22. Bf1 Rxc1 23. Qxc1 Qc6 24. Qxc6 Bxc6 25. Bb4 Bxb4 26. axb4 Kf8 27. f4 f5 28.
Kf2 g6 29. h3 h5 30. Be2 Kg7 31. g4 hxg4 32. hxg4 Kh6 33. Kg3 Bd7 34. Kh4 Be8
35. Bd1 Bd7 36. Bf3 Be8 37. gxf5 gxf5 38. Be2 Bd7 39. Bh5 Bc6 40. Bf7 Bd7 41.
Bh5 Bc6 42. Bf7 Bd7 43. Bh5 1/2-1/2

[Event "FIDE World Bl Team Final"]
[Site "Almaty KAZ"]
[Date "2024.08.05"]
[Round "3.1"]
[White "Galymzhanuly, Ibragim"]
[Black "Shah Mihir"]
[Result "1-0"]
[WhiteElo "1929"]
[BlackElo "1801"]
[WhiteTeam "Al-Ain ACMG UAE"]
[BlackTeam "Team MGD1"]
[WhiteFideId "13727915"]
[BlackFideId "46628878"]
[EventDate "2024.08.05"]

1. d4 Nf6 2. c4 g6 3. Nc3 d5 4. Nf3 Bg7 5. e3 O-O 6. cxd5 Nxd5 7. Bc4 Nb6 8. Bb3
c5 9. O-O cxd4 10. exd4 Nc6 11. Be3 Na5 12. h3 Nxb3 13. Qxb3 Be6 14. Qc2 Rc8 15.
Rfd1 Bd5 16. Qe2 Bc4 17. Qe1 Nd5 18. Rac1 Nxc3 19. bxc3 Bxa2 20. Ra1 Bd5 21.
Rxa7 Bxf3 22. gxf3 Qd5 23. Kg2 Ra8 24. Rda1 Rxa7 25. Rxa7 Qb5 26. Qf1 Qb6 27.
Ra2 Rc8 28. Qd3 Qc6 29. Rb2 e6 30. Bd2 Bf8 31. Qe4 b6 32. Qxc6 Rxc6 33. Rb5 f6
34. f4 Kf7 35. Kf3 Ke7 36. Ke4 Kd7 37. Kd3 Be7 38. c4 Bd6 39. Be3 Bc7 40. d5
exd5 41. cxd5 Rd6 42. Ke4 f5+ 43. Kd3 Kc8 44. Bd4 Kb7 45. Be5 Rd7 46. Kd4 Bd8
47. d6 Kc6 48. Rb1 b5 49. Rc1+ Kb6 50. Kd5 b4 51. Ke6 Ra7 52. Bd4+ Kb7 53. Bxa7
Kxa7 54. Rb1 Kb6 55. Rxb4+ Kc6 56. Rc4+ Kb7 57. Kd7 Bh4 58. Ke8 Bxf2 59. d7 Bh4
60. d8=Q Bxd8 61. Kxd8 Kb6 62. Ke7 Kb5 63. Rc1 Kb4 64. Kf6 1-0

[Event "FIDE World Bl Team Final"]
[Site "Almaty KAZ"]
[Date "2024.08.05"]
[Round "3.2"]
[White "Rapport, Richard"]
[Black "Carlsen, Magnus"]
[Result "1/2-1/2"]
[WhiteTitle "GM"]
[BlackTitle "GM"]
[WhiteElo "2715"]
[BlackElo "2832"]
[WhiteTeam "Chessy"]
[BlackTeam "WR Chess Team"]
[WhiteFideId "738590"]
[BlackFideId "1503014"]
[EventDate "2024.08.05"]

1. e4 g6 2. d4 d6 3. Nf3 Nf6 4. Nc3 Bg7 5. Be2 O-O 6. O-O e6 7. Bf4 Nc6 8. Re1
a6 9. a4 b6 10. e5 dxe5 11. dxe5 Qxd1 12. Raxd1 Nd7 13. Bf1 Rd8 14. Bg5 Re8 15.
Bf4 h6 16. h4 Rd8 17. Ne4 Bb7 18. Nf6+ Nxf6 19. exf6 Bxf6 20. Bxc7 Rxd1 21. Rxd1
Nb4 22. Bxb6 Nxc2 23. Rd2 Nb4 24. Bd4 Bxd4 25. Rxd4 a5 26. Ne5 Bd5 27. Rf4 Ra7
28. Bb5 g5 29. hxg5 hxg5 30. Rd4 Rc7 31. Nd3 Nc2 32. Rg4 f6 33. b4 Nxb4 34. Nxb4
axb4 35. Rxb4 Rc1+ 36. Kh2 Kf7 37. a5 Ke7 38. Ra4 Rc7 39. a6 Ra7 40. Kg3 Kd6 41.
Be2 Kc5 42. Ra1 Kb6 43. Rb1+ Kc5 44. Rc1+ Kb6 45. Rb1+ Kc5 1/2-1/2

[Event "FIDE World Bl Team Final"]
[Site "Almaty KAZ"]
[Date "2024.08.05"]
[Round "3.2"]
[White "Nepomniachtchi, Ian"]
[Black "Sarana, Alexey"]
[Result "1/2-1/2"]
[WhiteTitle "GM"]
[BlackTitle "GM"]
[WhiteElo "2767"]
[BlackElo "2717"]
[WhiteTeam "WR Chess Team"]
[BlackTeam "Chessy"]
[WhiteFideId "4168119"]
[BlackFideId "24133795"]
[EventDate "2024.08.05"]

1. c4 e6 2. Nc3 d5 3. d4 Bb4 4. a3 Bxc3+ 5. bxc3 Nf6 6. e3 O-O 7. a4 c6 8. Nf3
Re8 9. Bb2 b6 10. cxd5 cxd5 11. c4 Ba6 12. cxd5 Bxf1 13. Kxf1 Qxd5 14. Nd2 Nc6
15. Qf3 Rac8 16. Qxd5 exd5 17. Ke2 Na5 18. Rhc1 Nc4 19. Nxc4 dxc4 20. Bc3 Nd5
21. Rab1 a6 22. g4 Rc6 23. Kf3 h5 24. h3 Rf6+ 25. Kg3 h4+ 26. Kg2 Rc6 27. Rb2 f6
28. Kf3 Rd8 29. Be1 c3 30. Rb3 Rc4 31. e4 Nb4 32. Bxc3 Na2 33. Rc2 Nxc3 34.
Rcxc3 Rxc3+ 35. Rxc3 Rxd4 36. Rc6 Rxa4 37. Rxb6 Ra3+ 38. Kg2 Kf7 39. f4 Rg3+ 40.
Kh2 Re3 41. e5 fxe5 42. fxe5 a5 43. Rb7+ Kg6 44. Rb6+ Kg5 45. e6 a4 46. Ra6 a3
47. e7 Re2+ 48. Kg1 Rxe7 49. Rxa3 Kf4 50. Kf2 Rb7 51. Ra4+ Kg5 52. Ra5+ Kf4 53.
Ra4+ Kg5 54. Ra5+ Kf4 55. Ra4+ 1/2-1/2